000
00283nam a2200109 a 4500
008
101213s2007|||| d
245
1
0
_a
Studia Bibliographica Posoniensia I/2007
260
_b
Univerzitna knižnica
_a
Bratislava
_c
2007
020
_c
10
041
_a
slo
044
_a
xo
_c
SK
999
_c
15162
_d
15162